Response to crop-tree release by 7-year-old stems of red maple stump sprouts and northern red oak advance reproduction /

Bibliographic Details
Main Author: Trimble, George R.
Format: Government Document Book
Language:English
Published: Upper Darby, Pa. : Forest Service, U.S. Dept. of Agriculture, Northeastern Forest Experiment Station, 1974.
Series:USDA Forest Service research paper NE ; 303.
Subjects:

MARC

Tag First Indicator Second Indicator Subfields
LEADER 00000cam a2200000Ia 4500
001 in00002575146
005 20151201114919.0
008 750512s1974 pau b f000 0 eng
035 |a (OCoLC)ocm01325613 
035 |a (OCoLC)1325613 
040 |a AGL  |c AGL  |d RQF  |d OCLCQ  |d SPI  |d TXA  |d UtOrBLW 
049 |a TXAM 
050 4 |a SD11  |b .A455 NE-303 1974 
070 0 |a A99.9  |b F7622Un no.303 
072 0 |a K100 
082 0 4 |a 634.9  |b Un3117up, no.303 
086 0 |a A 13.78:NE-303 
100 1 |a Trimble, George R. 
245 1 0 |a Response to crop-tree release by 7-year-old stems of red maple stump sprouts and northern red oak advance reproduction /  |c by G.R. Trimble, Jr. 
264 1 |a Upper Darby, Pa. :  |b Forest Service, U.S. Dept. of Agriculture, Northeastern Forest Experiment Station,  |c 1974. 
300 |a 6 pages ;  |c 27 cm. 
336 |a text  |b txt  |2 rdacontent 
337 |a unmediated  |b n  |2 rdamedia 
338 |a volume  |b nc  |2 rdacarrier 
490 1 |a USDA Forest Service research paper NE ;  |v 303 
500 |a Cover title. 
504 |a Includes bibliographical references (page 6). 
650 0 |a Red maple  |x Growth. 
650 0 |a Quercus rubra  |x Growth. 
740 0 |a Response to crop tree release by 7-year-old stems of red maple stump sprouts and northern red oak advance reproduction. 
830 0 |a USDA Forest Service research paper NE ;  |v 303. 
994 |a C0  |b TXA 
948 |a cataloged  |b h  |c 2010/04/08  |e mansari  |f 09:46:27 am 
999 |a MARS 
999 f f |s 1f243490-0fa5-3200-b11a-d21c61d4fad4  |i 5f782557-0313-38bb-acda-cb8d6a1e5ecd  |t 0 
952 f f |p normal  |a Texas A&M University  |b College Station  |c Sterling C. Evans Library  |d Evans: US Documents (Annex 5th floor)  |t 0  |e A 13.78:NE-295-326  |h Superintendent of Documents classification  |i unmediated -- volume  |k 295-326  |l 1974-1975  |m A14837817095 
952 f f |a Texas A&M University  |b College Station  |c Sterling C. Evans Library  |d Evans: US Documents (Annex 5th floor)  |t 0  |e A 13.78:NE-295-326  |h Superintendent of Documents classification 
998 f f |a A 13.78:NE-295-326  |t 0  |l Evans: US Documents (Annex 5th floor)